000 02007cab a2200337 4500
001 ABS67635
008 040329n2004 000 0 eng u
035 _a(Sirsi) u125620
245 _aUse case law to find a settlement
260 _c2004
490 _aEstates Gazette
_v(0410) 6 March 2004, 180-181(2)
520 _aFirst part of a summary of presentations at a landlord and tenant update hosted by RICS West Midlands. Examines the rent review treatment of premiums, in particular whether a premium for the grant of a lease is part of the rent or key money, citing "BLCT (13096) Ltd v J Sainsbury plc" ([2003] EWCA Civ 884, [2003] All ER (D) 03 (3Jul)) and "Safeway and Legal and General" {2005} 1 P&CR 129-138(9). Also looks at the rent review length of term, specifically whether, at review, the hypothetical term to be valued equates to the remainder of the existing term or is assumed to be the full term of the original lease, citing "Canary Wharf Investments (Three) v Telegraph Group Ltd" ([2003] EWHC 1575 (Ch), Abs67266). Outlines the rules on serving notices and satisfying pre-conditions in break clauses, looking at when a notice is served, citing "Beanby Estates Ltd v The Egg Stores (Stamford Hill) Ltd" ([2003] EWHC 1252 (Ch), Abs670080). (See also Abs...).
590 _aABS
650 _aBLCT (13096) LTD V J SAINSBURY PLC
650 _aRENT REVIEWS
650 _aPREMIUMS
650 _aKEY MONEY
650 _aSAFEWAY V LEGAL AND GENERAL
650 _aHYPOTHETICAL TERMS
650 _aRENT
650 _aCANARY WHARF INVESTMENTS V TELEGRAPH GROUP LTD
650 _aBREAK CLAUSES
650 _aNOTICES
650 _aLANDLORD AND TENANT ACT 1927 S23
650 _aLANDLORD AND TENANT ACT 1954
650 _aBEANBY ESTATES LTD V EGG STORES (STAMFORD HILL) LTD
650 _aCHISWELL V GRIFFON LAND AND ESTATES LTD
650 _aC A WEBBER (TRANSPORT) LTD V NETWORK RAIL INFRASTRUCTURE LTD
690 _aLANDLORD AND TENANT-BUSINESS TENANCIES
942 _n0
999 _c74311
_d74311